Quiz Cultura Generale - Quiz n°59 - Statistics

Statistiche generali
  • Questo quiz è stato fatto 182 volte
  • Il punteggio medio è 7 su 15
Statistiche sulle risposte
Domanda Risposta % Corretto
Quale film Disney ha come protagonisti Simba, Mufasa e Scar? Il re leone
99%
Qual è lo stato dell'Unione Europea con più abitanti? Germania
92%
Quale divinità egizia era il dio della mummificazione e dei cimiteri, protettore delle necropoli e del mondo dei morti, rappresentato con il corpo da uomo con la testa di sciacallo? Anubi
72%
In che anno è uscito il film "Iron Man" con Robert Downey Jr.? 2008
70%
Quale forma di inquinamento atmosferico nasce dall'unione dei termini inglesi fumo e nebbia? Smog
70%
Quale chiesa è stata fondata da Enrico VIII nel corso del del XVI secolo? Chiesa anglicana
66%
Come si chiama il piano politico-economico statunitense per la ricostruzione dell'Europa dopo la seconda guerra mondiale? Piano Marshall
66%
In quale città siciliana sbarcarono i Mille di Garibaldi? Marsala
56%
Chi ha interpretato il ruolo di Terminator nell'omonimo film? Arnold Schwarzenegger
34%
Come viene detto il punto di origine di un terremoto? Ipocentro
24%
Chi è stato Commissario tecnico della Nazionale di calcio italiana dal 2006 al 2008? Roberto Donadoni
16%
Quale fiume separa il Texas dal Messico? Rio Grande
13%
In quale anno avvenne la cosiddetta "Primavera dei popoli"? 1848
10%
Com'è detta una persona che nutre una viscerale passione per l'opera lirica o per la musica in generale? Melomane
10%
Chi era la figlia di Priamo e sposa di Enea? Creusa
8%
Nessun quiz corrispondente trovato
Distribuzione punteggi
Percentuale di utenti per punteggio
Percentile per numero di risposta
I tuoi punteggi nel tempo
Non hai fatto questo quiz